Patios militantes : (Record no. 10592)

MARC details
000 -LEADER
fixed length control field 00543nam a22001697a 4500
008 - FIXED-LENGTH DATA ELEMENTS--GENERAL INFORMATION
fixed length control field 241212b ||||| |||| 00| 0 spa d
020 ## - INTERNATIONAL STANDARD BOOK NUMBER
International Standard Book Number 978-987-46077-0-6
040 ## - CATALOGING SOURCE
Original cataloging agency AR-FvUNAJ
Modifying agency AR-FvUNAJ
Description conventions aacr2
082 14 - DEWEY DECIMAL CLASSIFICATION NUMBER
Edition number 14
Classification number 324.2
245 00 - TITLE STATEMENT
Title Patios militantes :
Remainder of title diálogos de Cristina con los jóvenes /
Statement of responsibility, etc Compilador Gustavo Cerelli.
260 ## - PUBLICATION, DISTRIBUTION, ETC. (IMPRINT)
Place of publication, distribution, etc Buenos Aires :
Name of publisher, distributor, etc Balkbrug,
Date of publication, distribution, etc 2015.
300 ## - PHYSICAL DESCRIPTION
Extent 268 p.
600 10 - SUBJECT ADDED ENTRY--PERSONAL NAME
9 (RLIN) 7810
Personal name Fernández de Kirchner, Cristina
650 #0 - SUBJECT ADDED ENTRY--TOPICAL TERM
9 (RLIN) 548
Topical term or geographic name as entry element POLITICA
700 1# - ADDED ENTRY--PERSONAL NAME
9 (RLIN) 20978
Personal name Cerelli, Gustavo
942 ## - ADDED ENTRY ELEMENTS (KOHA)
Source of classification or shelving scheme Dewey Decimal Classification
Item type Libro, folleto, traducción
980 ## - EQUIVALENCE OR CROSS-REFERENCE-SERIES STATEMENT--PERSONAL NAME/TITLE [LOCAL, CANADA]
Linkage 2
Personal name Virginia Figueroa
Field link and sequence number 2
Miscellaneous information Virginia Figueroa
Holdings
Withdrawn status Lost status Source of classification or shelving scheme Damaged status Not for loan Home library Current library Date acquired Source of acquisition Total Checkouts Full call number Barcode Date last seen Price effective from Koha item type
    Dewey Decimal Classification     Biblioteca Central Biblioteca Central 12/12/2024 Donación   324.2 PAT UNAJ24120022 17/03/2025 12/12/2024 Libro, folleto, traducción

Lunes a Viernes 8:30 a 19:00 hs. Cerrado por mudanza
Av.Calchaqui 6200 Florencio Varela (CP188) 2°piso Edificio Mosconi Aula 209-210
Mail: bibliotecacentralunaj@gmail.com  
Whatsapp(54 9)1122668024    ❔Pregunte a la bibliotecaria
© Universidad Nacional Arturo Jauretche | Secretaría Académica | Biblioteca Central UNAJ